Fr. Conceicao Rodrigues College of Engineering

Java 2 Developers Handbook (Record no. 19285)

MARC details
000 -LEADER
fixed length control field 00315nam a2200145Ia 4500
082 ## - DEWEY DECIMAL CLASSIFICATION NUMBER
Classification number 005.133'J'
Item number hel/
100 ## - MAIN ENTRY--PERSONAL NAME
Personal name Heller/ Philips/ Roberts/ Simon
245 ## - TITLE STATEMENT
Title Java 2 Developers Handbook
260 ## - PUBLICATION, DISTRIBUTION, ETC.
Name of publisher, distributor, etc. B.P.B
Date of publication, distribution, etc. 2000
300 ## - PHYSICAL DESCRIPTION
Extent 1011
546 ## - LANGUAGE NOTE
Language note ENGLISH
654 ## - SUBJECT ADDED ENTRY--FACETED TOPICAL TERMS
Focus term Computer
942 ## - ADDED ENTRY ELEMENTS (KOHA)
Koha item type BOOK
Holdings
Withdrawn status Lost status Damaged status Not for loan Collection Home library Current library Date acquired Total Checkouts Full call number Barcode Date last seen Price effective from Koha item type
        CRC Fr. Agnel's C.Rodrigues College of Engineering Fr. Agnel's C.Rodrigues College of Engineering 17/03/2023   005.133'J' hel/ 11477 17/03/2023 17/03/2023 BOOK